Greatest Footballers in History - Statistics

General Stats
  • This quiz has been taken 115 times
    68 since last reset
  • The average score is 13 of 15
Answer Stats
Rank Nationality Best Club Career Footballer % Correct
3 Argentina Napoli 1975 - 1997 Diego Maradona
100%
1 Argentina Barcelona 2004 - Lionel Messi
98%
4 Portugal Real Madrid 2001 - Cristiano Ronaldo
97%
2 Brazil Santos 1956 - 1977 Pelé
97%
7 France Real Madrid 1989 - 2006 Zinedine Zidane
97%
9 Brazil Real Madrid 1993 - 2011 Ronaldo
95%
5 Netherlands Barcelona 1964 - 1984 Johan Cruyff
93%
10 Hungary Real Madrid 1943 - 1966 Ferenc Puskás
88%
12 Germany Bayern 1964 - 1982 Gerd Müller
87%
6 Germany Bayern 1964 - 1983 Franz Beckenbauer
83%
14 Italy AC Milan 1985 - 2009 Paolo Maldini
83%
8 Argentina Real Madrid 1945 - 1966 Alfredo Di Stéfano
80%
11 Northern Ireland Manchester United 1963 - 1984 George Best
80%
13 Netherlands AC Milan 1981 - 1995 Marco van Basten
78%
15 Brazil Flamengo 1970 - 1989 Zico
60%
No matching quizzes found
Score Distribution
Percent of People with Each Score
Percentile by Number Answered
Your Score History
You have not taken this quiz since the last reset